000 00615nam a2200217 i 4500
001 C2-0241895
003 PPAK
005 20180727204109.0
008 020820s1976 io |||| ||||| | may d
040 _aPPAK
_beng
_cPPAK
_erda
082 0 4 _a899.2211
_223
090 0 0 _a899.2211
_bJAK
_dKAM
245 0 0 _aJakarta bandung yogya
264 1 _aIndonesia :
_bSeksi Penerbitan Persatuan Kebangsaan Pelajar-Pelajar Malaysia ,
_c1976
300 _a43 pages ;
_c21 cm
336 _2rdacontent
_atext
337 _2rdamedia
_aunmediated
338 _2rdacarrier
_avolume
650 1 0 _aIndonesian poetry.
942 _ddc
_cB
999 _c56787
_d56787